000 00603nam a2200193Ia 4500
005 20250508165117.0
008 008 250505s9999 xx 000 0 hin d
037 _aDissertations
040 _aFEDL
_beng
_cFEDL
041 _ahin
_2eng
084 _a379.111, CHA/DI
_qFEDL
100 _aChahil Manoj Kumar
_9553957
245 0 _aRashtriya shiksha neeti 1986 ke pashchat vidyalayai shiksha vimarsh ka samikshatmak adhyayan
260 _c2011
300 _a66p.
546 _aM. Ed. Dissertation, (Delhi University)
942 _cDIS
_h379.111, CHA/DI
999 _c1393223
_d1393223